Mind matter science quiz. (Record no. 115512)
[ view plain ]
| 000 -LEADER | |
|---|---|
| fixed length control field | 00517nam a2200205Ia 4500 |
| 003 - CONTROL NUMBER IDENTIFIER | |
| control field | OSt |
| 005 - DATE AND TIME OF LATEST TRANSACTION | |
| control field | 20260214123618.0 |
| 008 - FIXED-LENGTH DATA ELEMENTS--GENERAL INFORMATION | |
| fixed length control field | 210210b2006 xxu||||| |||| 00| 0 eng d |
| 040 ## - CATALOGING SOURCE | |
| Transcribing agency | AL |
| 041 ## - LANGUAGE CODE | |
| Language code of text/sound track or separate title | Kannada |
| 082 ## - DEWEY DECIMAL CLASSIFICATION NUMBER | |
| Classification number | 502 GONM |
| 100 ## - MAIN ENTRY--PERSONAL NAME | |
| Personal name | GONSALVES (Ita) and GONSALVES (Richard). |
| 9 (RLIN) | 254934 |
| 245 ## - TITLE STATEMENT | |
| Title | Mind matter science quiz. |
| 260 ## - PUBLICATION, DISTRIBUTION, ETC. | |
| Place of publication, distribution, etc. | Mangalore |
| Name of publisher, distributor, etc. | Rangoli Publications |
| Date of publication, distribution, etc. | 2006 |
| 300 ## - PHYSICAL DESCRIPTION | |
| Extent | 191 |
| 650 ## - SUBJECT ADDED ENTRY--TOPICAL TERM | |
| Topical term or geographic name entry element | Science Quiz |
| 9 (RLIN) | 254935 |
| 690 ## - LOCAL SUBJECT ADDED ENTRY--TOPICAL TERM (OCLC, RLIN) | |
| Topical term or geographic name as entry element | Quiz |
| 9 (RLIN) | 254936 |
| 906 ## - LOCAL DATA ELEMENT F, LDF (RLIN) | |
| a | SG04931 |
| 942 ## - ADDED ENTRY ELEMENTS (KOHA) | |
| Source of classification or shelving scheme | Dewey Decimal Classification |
| Koha item type | Book |
| Withdrawn status | Lost status | Damaged status | Not for loan | Collection code | Home library | Current library | Shelving location | Date acquired | Source of acquisition | Cost, normal purchase price | Total Checkouts | Full call number | Barcode | Date last seen | Price effective from | Koha item type | Date last checked out | Cost, replacement price |
|---|---|---|---|---|---|---|---|---|---|---|---|---|---|---|---|---|---|---|
| St Aloysius Library | St Aloysius Library | 02/17/2021 | Rangoli Publications, Mangalore-7 | 0.00 | 502 GONM | SG04931 | 02/17/2021 | 02/17/2021 | Special Grants | |||||||||
| St Aloysius Library | St Aloysius Library | 02/17/2021 | Rangoli Publications, Mangalore-7 | 0.00 | 502 GONM | SG04933 | 02/17/2021 | 02/17/2021 | Special Grants | |||||||||
| St Aloysius Library | St Aloysius Library | 02/17/2021 | Rangoli Publications, Mangalore-7 | 0.00 | 2 | 502 GONM | SG04929 | 03/28/2026 | 02/17/2021 | Special Grants | 02/14/2026 | |||||||
| St Aloysius Library | St Aloysius Library | 02/17/2021 | Rangoli Publications, Mangalore-7 | 0.00 | 502 GONM | SG04932 | 02/17/2021 | 02/17/2021 | Special Grants | |||||||||
| St Aloysius Library | St Aloysius Library | 02/17/2021 | Rangoli Publications, Mangalore-7 | 0.00 | 502 GONM | SG04930 | 02/17/2021 | 02/17/2021 | Special Grants | |||||||||
| St Aloysius Library | St Aloysius Library | 07/29/2025 | School Book Company | 80.00 | 500 GONM | BED01329 | 07/29/2025 | 07/29/2025 | Book | 80.00 |